[Event "Winter Classic"]
[Site "Montreal CAN"]
[Date "2018.01.03"]
[Round "3.2"]
[White "Zhong, Kevin"]
[Black "Saine, Zachary"]
[Result "0-1"]
[WhiteElo "2080"]
[BlackElo "1967"]
[PlyCount "152"]
[EventDate "2018.01.02"]
[EventType "swiss"]
[EventRounds "5"]
[EventCountry "CAN"]

1. e4 c6 2. d4 d5 3. exd5 cxd5 4. c4 Nf6 5. Nc3 e6 6. Nf3 Nc6 7. Bg5 Be7 8. c5
O-O 9. Bb5 Bd7 10. O-O Rc8 11. Bxc6 Bxc6 12. Ne5 h6 13. Bf4 Ne4 14. Qd3 Bf6 15.
Nxc6 bxc6 16. f3 Nxc3 17. Qxc3 Re8 18. Bd6 Be7 19. Bxe7 Rxe7 20. f4 Rb7 21. f5
exf5 22. Rxf5 Rcb8 23. b3 Qh4 24. Raf1 Qg4 25. Qe3 Rf8 26. h3 Qh4 27. R1f4 Qd8
28. Rg4 Kh8 29. Qg3 f6 30. Rh4 Qe7 31. Rfh5 Qe6 32. Qg6 Rff7 33. Re5 Qd7 34.
Re3 Re7 35. Rg3 Rb8 36. Kh2 a5 37. Rhg4 Ra8 38. a3 Rb8 39. Qd3 Rb5 40. a4 Rb4
41. Qa6 Qc7 42. Qd3 Qd7 43. Qa6 Qc7 44. Qd3 Qd7 45. Rh4 Re4 46. Rxe4 dxe4 47.
Qxe4 Rxd4 48. Qg6 Rd5 49. Qc2 Qe7 50. Rc3 Qe5+ 51. Kg1 Qe1+ 52. Kh2 Qe5+ 53.
Kg1 Qe1+ 54. Kh2 Rd1 55. Qg6 Qh1+ 56. Kg3 Qe1+ 57. Kh2 Qg1+ 58. Kg3 Qd4 59.
Qe8+ Kh7 60. Rc4 Qd3+ 61. Kh2 Qd5 62. Rg4 Qe5+ 63. Qxe5 fxe5 64. Re4 Rd5 65.
Rc4 Kg6 66. Rc3 Kf5 67. Kg3 e4 68. Kf2 Rd2+ 69. Kf1 Ke5 70. Rc4 Rb2 71. Rc3 Kd4
72. Rg3 g5 73. h4 gxh4 74. Rg4 Ke3 75. Kg1 Rb1+ 76. Kh2 Kd3 0-1

[Event "Winter Classic"]
[Site "Montreal CAN"]
[Date "2018.01.03"]
[Round "3.3"]
[White "De Lagrave, Sylvain"]
[Black "Gauthier, Denis"]
[Result "1-0"]
[WhiteElo "1940"]
[BlackElo "1867"]
[PlyCount "77"]
[EventDate "2018.01.02"]
[EventType "swiss"]
[EventRounds "5"]
[EventCountry "CAN"]

1. e4 c5 2. Nf3 e6 3. c3 Nf6 4. Bd3 Nc6 5. Bc2 d5 6. e5 Nd7 7. d4 Be7 8. O-O
O-O 9. Re1 b6 10. Nbd2 cxd4 11. cxd4 f6 12. Bxh7+ Kxh7 13. Qc2+ f5 14. Qxc6 Ba6
15. Qa4 Bb7 16. h4 a6 17. Ng5+ Bxg5 18. hxg5 b5 19. Qd1 g6 20. f4 Kg7 21. Nf3
Rc8 22. Bd2 Rh8 23. Kf2 Rh5 24. Rh1 Qh8 25. Rxh5 Qxh5 26. Rc1 Qh8 27. Ba5 Rxc1
28. Qxc1 Qc8 29. Qxc8 Bxc8 30. Bc7 Kf7 31. Ne1 Ke8 32. Nd3 Bb7 33. Ke2 Bc6 34.
Kd2 Bb7 35. Kc3 Nf8 36. Nc5 Bc8 37. Kb4 Nd7 38. Nxe6 Nxe5 39. Ng7+ 1-0

[Event "Winter Classic"]
[Site "Montreal CAN"]
[Date "2018.01.03"]
[Round "3.4"]
[White "Craciun, David"]
[Black "Abbas, Talal"]
[Result "0-1"]
[WhiteElo "1660"]
[BlackElo "1898"]
[PlyCount "58"]
[EventDate "2018.01.02"]
[EventType "swiss"]
[EventRounds "5"]
[EventCountry "CAN"]

1. d4 e6 2. Bf4 b6 3. e4 Bb7 4. Bd3 c5 5. c3 Nf6 6. Qe2 cxd4 7. cxd4 Nc6 8. Nf3
Nb4 9. Nc3 Nxd3+ 10. Qxd3 Bb4 11. Nd2 O-O 12. O-O Bxc3 13. bxc3 d6 14. Bg5 h6
15. Bh4 g5 16. Bg3 Nh5 17. f4 f5 18. fxg5 f4 19. e5 Qxg5 20. Ne4 Bxe4 21. Qxe4
d5 22. Bxf4 Rxf4 23. Qc2 Raf8 24. Rxf4 Nxf4 25. Kh1 Qf5 26. Qf2 Nd3 27. Qe3
Qf1+ 28. Rxf1 Rxf1+ 29. Qg1 Nf2# 0-1

[Event "Winter Classic"]
[Site "Montreal CAN"]
[Date "2018.01.03"]
[Round "3.6"]
[White "Lesage, Philippe"]
[Black "Guan, Zi Yu"]
[Result "1-0"]
[WhiteElo "1765"]
[BlackElo "1643"]
[PlyCount "61"]
[EventDate "2018.01.02"]
[EventType "swiss"]
[EventRounds "5"]
[EventCountry "CAN"]

1. c4 Nf6 2. Nf3 e6 3. g3 d5 4. Bg2 Be7 5. O-O O-O 6. d4 c5 7. cxd5 exd5 8.
dxc5 Bxc5 9. Qc2 Qc7 10. Be3 Na6 11. Bxc5 Qxc5 12. Qxc5 Nxc5 13. Rc1 b6 14. Nc3
Ba6 15. Nd4 Nce4 16. Nxd5 Rad8 17. Nxf6+ Nxf6 18. e3 Rfe8 19. Rc7 Rd7 20. Rac1
Ree7 21. Rxd7 Rxd7 22. b4 b5 23. Bf1 Kf8 24. a4 Nd5 25. axb5 Bb7 26. Nc6 a6 27.
bxa6 Bxc6 28. Rxc6 Nxb4 29. Rb6 Nd5 30. Rb7 Ke8 31. Bb5 1-0

[Event "Winter Classic U1800"]
[Site "Montreal CAN"]
[Date "2018.01.02"]
[Round "1.3"]
[White "Begin, Francois"]
[Black "Yang, Marguerite"]
[Result "0-1"]
[WhiteElo "1259"]
[BlackElo "1494"]
[PlyCount "62"]
[EventDate "2018.01.02"]
[EventType "swiss"]
[EventRounds "5"]
[EventCountry "CAN"]

1. e4 c5 2. Nf3 d6 3. d4 cxd4 4. c3 Nf6 5. e5 dxe5 6. Nxe5 e6 7. Qb3 Bd6 8. Bf4
O-O 9. cxd4 Qc7 10. Nd2 Nh5 11. Be3 Bxe5 12. dxe5 Qxe5 13. Nf3 Qc7 14. Bd3 Nf4
15. Bxf4 Qxf4 16. O-O b6 17. Rac1 Bb7 18. Rc4 Qf6 19. Rh4 g6 20. Rh3 Nd7 21.
Nd2 Nc5 22. Qb4 Rfd8 23. Be4 Nxe4 24. Nxe4 Bxe4 25. Qxe4 Qxb2 26. Qh4 Qg7 27.
g4 Rd7 28. f4 Rad8 29. Rg3 Rd2 30. Kh1 Qd4 31. Rh3 Qe4+ 0-1

[Event "Winter Classic U1800"]
[Site "Montreal CAN"]
[Date "2018.01.02"]
[Round "1.6"]
[White "Lariviere, Simon"]
[Black "Poulin, Roxane"]
[Result "1-0"]
[WhiteElo "1399"]
[BlackElo "1186"]
[PlyCount "37"]
[EventDate "2018.01.02"]
[EventType "swiss"]
[EventRounds "5"]
[EventCountry "CAN"]

1. e4 d5 2. exd5 Qxd5 3. Nc3 Qd6 4. d4 Nf6 5. Be2 c6 6. Be3 Bf5 7. Qd2 e6 8.
Bf4 Qb4 9. Nf3 Nbd7 10. a3 Qxb2 11. Ra2 Qb6 12. O-O Qd8 13. Rb1 Nb6 14. a4 Qc8
15. Rab2 Nfd5 16. Nxd5 cxd5 17. Bb5+ Ke7 18. Ne5 f6 19. Qb4+ 1-0

[Event "Winter Classic inv."]
[Site "Montreal CAN"]
[Date "2018.01.02"]
[Round "1"]
[White "Masse, Hugues"]
[Black "Hua, Eugene"]
[Result "0-1"]
[WhiteElo "2129"]
[BlackElo "2254"]
[PlyCount "104"]
[EventDate "2018.01.02"]
[EventType "tourn"]
[EventRounds "7"]
[EventCountry "CAN"]

1. e4 c5 2. Nf3 e6 3. d4 cxd4 4. Nxd4 Nc6 5. Nc3 Qc7 6. Be3 a6 7. Qd2 Nf6 8.
O-O-O Bb4 9. f3 O-O 10. g4 b5 11. g5 Nh5 12. Nxc6 dxc6 13. f4 Bb7 14. Qd7 Qb8
15. Ne2 Bc8 16. Qd3 e5 17. f5 c5 18. c4 Ra7 19. Qc2 Rd7 20. Rxd7 Bxd7 21. Bg2
Nf4 22. Bf3 bxc4 23. Bxf4 exf4 24. Qxc4 Bb5 25. Qc2 Qd8 26. Rd1 Qxg5 27. a3 Ba5
28. Rg1 Qf6 29. Rd1 Rd8 30. Rxd8+ Qxd8 31. Qxc5 Bd2+ 32. Kb1 Qd3+ 33. Qc2 g5
34. fxg6 hxg6 35. Qxd3 Bxd3+ 36. Ka2 Kg7 37. e5 g5 38. b4 Kg6 39. Bg4 Bf5 40.
h3 Bxg4 41. hxg4 f3 42. Ng3 Bf4 43. Nf1 Bxe5 44. a4 f5 45. gxf5+ Kxf5 46. a5 g4
47. b5 axb5 48. Ne3+ Kf4 49. Nd5+ Kg3 50. Ne3 Kh3 51. a6 Bb8 52. Kb3 g3 0-1

[Event "Winter Classic inv."]
[Site "Montreal CAN"]
[Date "2018.01.04"]
[Round "4"]
[White "Yu, Zong Yang"]
[Black "Masse, Hugues"]
[Result "1-0"]
[WhiteElo "2392"]
[BlackElo "2129"]
[PlyCount "73"]
[EventDate "2018.01.02"]
[EventType "tourn"]
[EventRounds "7"]
[EventCountry "CAN"]

1. d4 Nf6 2. c4 e6 3. Nf3 b6 4. a3 Ba6 5. Qb3 Be7 6. Nc3 c5 7. d5 exd5 8. cxd5
O-O 9. g3 d6 10. Bg2 Re8 11. O-O Bf8 12. Re1 Nbd7 13. Bf4 Ne4 14. Qc2 Nxc3 15.
bxc3 Bc8 16. a4 f6 17. c4 Ne5 18. a5 Bd7 19. Reb1 Rb8 20. axb6 axb6 21. Ra7 b5
22. cxb5 Rxb5 23. Bxe5 dxe5 24. Nd2 Bd6 25. Be4 h6 26. Bf5 Bxf5 27. Qxf5 Rxb1+
28. Qxb1 Re7 29. Ra6 Rd7 30. Qa2 Kh7 31. Nc4 Be7 32. Ne3 Bf8 33. h4 h5 34. Ra8
Qe7 35. Qa4 g6 36. Rxf8 Ra7 37. Qe8 1-0

[Event "Winter Classic inv."]
[Site "Montreal CAN"]
[Date "2018.01.06"]
[Round "7"]
[White "Hua, Eugene"]
[Black "Yu, Zong Yang"]
[Result "1/2-1/2"]
[WhiteElo "2254"]
[BlackElo "2392"]
[PlyCount "42"]
[EventDate "2018.01.02"]
[EventType "tourn"]
[EventRounds "7"]
[EventCountry "CAN"]

1. e4 c5 2. Nf3 e6 3. d4 cxd4 4. Nxd4 a6 5. c4 Nf6 6. Nc3 Bb4 7. Qd3 d6 8. Nc2
Bxc3+ 9. Qxc3 O-O 10. Bg5 e5 11. f3 Nc6 12. Qd2 h6 13. Be3 Qc7 14. Be2 Be6 15.
O-O Rac8 16. Rac1 Rfd8 17. Rfd1 b6 18. Nb4 Nxb4 19. Qxb4 Rb8 20. b3 Ne8 21. Qa3
Qb7 1/2-1/2